000 01064nas a2200301 4500
001 BR8202263
003 BR-BrBNA
005 20231205085137.0
007 ta
008 230509b bl.|||p| |||| 00| 00por d
040 _aBR-BrBNA
_bpor
_cBiblioteca Nacional de Agricultura
041 _a(Pt)
072 _aF25; F60
100 1 _aWolffenbuttel, R.
100 1 _aTedesco, M.J.
245 1 _aDisponibilidade do enxofre para a alfafa em oito solos do Rio Grande do Sul e sua relacao com parametros do solo [Brasil]
_bParte de dissertacao
246 1 _aSulphur availability to alfalfa on eight soils of Rio Grande do Sul and et relationship with soil parameters [Brazil]
_b[Part of dissertation]
650 _aENXOFRE
650 _aALFAFA
650 _aMATERIA SECA
650 _aADUBACAO
650 _aABSORCAO
650 _aNUTRICAO VEGETAL
650 _aRIO GRANDE DO SUL
773 0 _tAgronomia Sulriograndense (Brazil)
_xISSN 0400-8111
_g(1981), v. 17(2) p. 357-376
_wBR8202263
909 _a202311
_bLúcia
_c55
_dLúcia Elande
942 _2AGRIS
_n0
_cANA
999 _c109506
_d109506